| 000 | 00433nam a22001817a 4500 | ||
|---|---|---|---|
| 003 | MPLRDC | ||
| 005 | 20220104143814.0 | ||
| 008 | 210129b ||||| |||| 00| 0 eng d | ||
| 020 | _a7-216-00203-2 | ||
| 082 | _a528.909 WQH | ||
| 100 | _a王其慧、李宁 著 | ||
| 245 |
_a中外体育史 _c |
||
| 250 | _a一版一刷 | ||
| 260 |
_a _b湖北人民 _c1988 |
||
| 300 | _b平 | ||
| 650 | _a体育史 | ||
| 942 |
_cBK _o528.909 WQH |
||
| 999 |
_c43524 _d43514 |
||